000 00302nam a22001337a 4500
008 181218b xxu||||| |||| 00| 0 eng d
020 _a0721670261
041 _aeng
080 _22nd
_a616.5
100 _a7
101 _aDER
245 _aNails. Therapy. Diagnosis. Surgery
_cScher
942 _2udc
_cBK
999 _c53399
_d53399